[Event "?"]
[Site "ICC 5 5 02/03/98, Internet Ch"]
[Date "1998.??.??"]
[Round "?"]
[White "Brause"]
[Black "Fabrizio"]
[Result "1/2-1/2"]
[WhiteElo "2610"]
[BlackElo "2345"]
[PlyCount "56"]

1. e4 e5 2. Nf3 Nc6 3. Nc3 Nf6 4. Nxe5 Nxe5 5. d4 Nc6 6. d5 Ne5 7. f4 Ng6 8. e5
Bb4 9. exf6 Qxf6 10. Qe2+ Kf8 11. Qc4 Bxc3+ 12. Qxc3 Qxc3+ 13. bxc3 d6 14. Bd3
Bd7 15. O-O f6 16. Rb1 b6 17. Be3 Re8 18. Rbe1 Kf7 19. f5 Ne5 20. Be2 Re7 21.
Bh5+ Kf8 22. Rf4 a5 23. c4 Bc8 24. Bd2 Ba6 25. Be2 Bb7 26. Bh5 Ba6 27. Be2 Bb7
28. Bh5 Ba6 1/2-1/2

[Event "?"]
[Site "ICC 5 5 02/03/98, Internet Ch"]
[Date "1998.??.??"]
[Round "?"]
[White "Brause"]
[Black "Fabrizio"]
[Result "0-1"]
[WhiteElo "2605"]
[BlackElo "2350"]
[PlyCount "111"]

1. e4 e5 2. Nf3 Nc6 3. Nc3 Nf6 4. Nxe5 Nxe5 5. d4 Ng6 6. e5 Ng8 7. Bc4 d5 8.
Bxd5 c6 9. Bb3 Be6 10. O-O Bxb3 11. axb3 Qd7 12. e6 fxe6 13. Re1 Nf6 14. Bg5
Be7 15. h4 O-O 16. h5 Nh8 17. h6 g6 18. Be3 a6 19. Qd3 Rad8 20. Rad1 Nf7 21.
Qe2 Rfe8 22. Na4 Bf8 23. Nc5 Bxc5 24. dxc5 Qe7 25. Rxd8 Rxd8 26. b4 e5 27. Qc4
Rd5 28. Qh4 Qd8 29. f3 Rd1 30. Kf2 Rxe1 31. Kxe1 Qe7 32. Qh3 Qd7 33. Qh2 Nd5
34. Bd2 Qf5 35. Kd1 Nf4 36. b3 Qg5 37. g3 Qh5 38. Qxh5 Nxh5 39. g4 Nf4 40. Bxf4
exf4 41. Ke2 Ne5 42. Kf2 g5 43. Ke2 Kf7 44. Kf2 Kg6 45. Ke2 Kxh6 46. c3 Kg6 47.
Kf2 h5 48. gxh5+ Kxh5 49. Ke2 Kh4 50. Kf2 Kh3 51. b5 axb5 52. b4 Kh2 53. c4
bxc4 54. b5 cxb5 55. Ke2 Kg2 56. Kd2 0-1

[Event "?"]
[Site "ICC 5 5 02/03/98, Internet Ch"]
[Date "1998.??.??"]
[Round "?"]
[White "Brause"]
[Black "Fabrizio"]
[Result "0-1"]
[WhiteElo "2555"]
[BlackElo "2400"]
[PlyCount "165"]

1. e4 e5 2. Nf3 Nc6 3. Nc3 Nf6 4. Nxe5 Nxe5 5. d4 Ng6 6. e5 Ng8 7. Bc4 d5 8.
Bxd5 c6 9. Bb3 Be6 10. O-O Bxb3 11. axb3 Qd7 12. e6 fxe6 13. Re1 Nf6 14. Na4
Rd8 15. Nc3 a6 16. Qe2 Be7 17. Bg5 O-O 18. Rad1 h6 19. Qd3 Nh8 20. Bh4 Rfe8 21.
Qg3 Nd5 22. Bxe7 Rxe7 23. Re4 Nxc3 24. bxc3 Nf7 25. Rde1 Nd6 26. Re5 Nf7 27.
R5e4 Qd6 28. Qd3 Rde8 29. f4 Qd7 30. c4 Nd6 31. Re5 Nf7 32. R5e4 Nd6 33. Re5
Rf7 34. g3 Ree7 35. c5 Nf5 36. c3 h5 37. Qe4 g6 38. Qc2 Kh7 39. Qe4 Ng7 40. Qg2
Rf5 41. R5e4 Ref7 42. Qe2 Qd5 43. Qd1 h4 44. Re5 Qd7 45. Qg4 hxg3 46. hxg3 Rxe5
47. Rxe5 Rf5 48. Qh3+ Rh5 49. Rxh5+ gxh5 50. Qf1 Qd5 51. b4 Nf5 52. Qd3 Qd7 53.
Qf3 Qf7 54. Kg2 Qg6 55. Kh3 Kh6 56. Kh2 Qg4 57. Qf2 h4 58. gxh4 Kh5 59. Qc2
Qxf4+ 60. Kg1 Qg3+ 61. Kh1 Kxh4 62. c4 Qh3+ 63. Kg1 Qe3+ 64. Kf1 Ng3+ 65. Kg2
Qe2+ 66. Qxe2 Nxe2 67. Kf3 Nxd4+ 68. Ke4 Nc2 69. Ke5 Nxb4 70. Kxe6 Nd3 71. Kf5
Nxc5 72. Kf4 a5 73. Ke3 a4 74. Kd2 b5 75. cxb5 cxb5 76. Kc3 a3 77. Kb4 a2 78.
Kxc5 a1=Q 79. Kxb5 Qc3 80. Kb6 Kg5 81. Kb5 Kf5 82. Ka4 Ke5 83. Kb5 0-1

[Event "?"]
[Site "ICC 5 5 02/03/98, Internet Ch"]
[Date "1998.??.??"]
[Round "?"]
[White "Brause"]
[Black "DiepX"]
[Result "1-0"]
[WhiteElo "2535"]
[BlackElo "2540"]
[PlyCount "83"]

1. e4 e5 2. Nf3 Nc6 3. Nc3 Nf6 4. Nxe5 Nxe5 5. d4 Nc6 6. d5 Ne5 7. f4 Ng6 8. e5
Ng8 9. d6 cxd6 10. exd6 Qf6 11. Nb5 Kd8 12. Be3 Qxb2 13. Bd4 Qb4+ 14. c3 Qb2
15. Rb1 Qxa2 16. g3 b6 17. Be2 Bb7 18. O-O f6 19. c4 a6 20. Bxb6+ Kc8 21. Na7+
Rxa7 22. Bxa7 Nxf4 23. gxf4 Qxb1 24. Qxb1 Bxd6 25. Rd1 Bc7 26. Be3 Bc6 27. c5
a5 28. Bb5 Ne7 29. Bxc6 dxc6 30. Qe4 Nd5 31. Qe6+ Kb7 32. Rb1+ Nb4 33. Bd2 Rb8
34. Bxb4 Ka7 35. Qd7 Rb7 36. Ra1 Kb8 37. Qe8+ Ka7 38. Bxa5 Rb1+ 39. Rxb1 Bxf4
40. Qd7+ Ka6 41. Rb6+ Kxa5 42. Qa7# 1-0

[Event "?"]
[Site "ICC 5 0 02/17/98, Internet Ch"]
[Date "1998.??.??"]
[Round "?"]
[White "Brause"]
[Black "Kiriakos"]
[Result "1-0"]
[WhiteElo "2440"]
[BlackElo "2130"]
[PlyCount "92"]

1. e4 e5 2. Nf3 Nc6 3. Nc3 Nf6 4. Nxe5 Nxe5 5. d4 Ng6 6. e5 Be7 7. Bc4 O-O 8.
exf6 Bxf6 9. O-O c6 10. Ne4 d5 11. Nxf6+ Qxf6 12. Be2 Bf5 13. Be3 Rfe8 14. Qd2
h6 15. Qb4 Re7 16. Rac1 Rae8 17. Rfe1 Nh4 18. c4 Be4 19. Red1 Bxg2 20. Bh5 Rxe3
21. fxe3 Qg5 22. Qe1 Rxe3 23. Qf2 Bf3+ 24. Qg3 Bxh5 25. Qxg5 hxg5 26. Rf1 dxc4
27. Rc3 Rxc3 28. bxc3 Bf3 29. Re1 Kf8 30. Kf2 Bd5 31. Re2 f6 32. a4 Ng6 33. Ke3
b6 34. Re1 Nf4 35. Rg1 Ke7 36. Kd2 Ke6 37. Ke3 Ng6 38. Rg3 Kf5 39. Rh3 Nh4 40.
Kf2 Kg6 41. Re3 f5 42. Re7 a6 43. Rb7 b5 44. Rb6 f4 45. Rxa6 bxa4 46. Rxa4 g4
1-0

[Event "?"]
[Site "ICC 5 0 02/17/98, Internet Ch"]
[Date "1998.??.??"]
[Round "?"]
[White "Brause"]
[Black "JMC"]
[Result "1-0"]
[WhiteElo "2455"]
[BlackElo "2155"]
[PlyCount "80"]

1. e4 e5 2. Nf3 Nc6 3. Nc3 Nf6 4. Nxe5 Nxe5 5. d4 Ng6 6. e5 Ng8 7. Bc4 Bb4 8.
Qf3 Qe7 9. O-O Bxc3 10. bxc3 Nh6 11. g3 O-O 12. Qh5 d6 13. Bxh6 gxh6 14. f4
dxe5 15. f5 Qg5 16. Qxg5 hxg5 17. fxg6 hxg6 18. dxe5 Kg7 19. Rab1 Rb8 20. Rbd1
Bf5 21. Bd3 Be6 22. a4 Rfd8 23. Be4 b6 24. Rd4 Rxd4 25. cxd4 Rd8 26. c3 c5 27.
dxc5 bxc5 28. Rf6 Bf5 29. Bxf5 gxf5 30. Rxf5 Kg6 31. Rf6+ Kg7 32. Rd6 Rb8 33.
Rd7 Rb3 34. e6 Rxc3 35. Rxa7 Rc2 36. Rxf7+ Kg8 37. Rf2 Rxf2 38. Kxf2 Kf8 39. a5
Ke7 40. a6 Kxe6 1-0

[Event "?"]
[Site "ICC 5 0 02/26/98, Internet Ch"]
[Date "1998.??.??"]
[Round "?"]
[White "Brause"]
[Black "Krawl"]
[Result "1-0"]
[WhiteElo "2640"]
[BlackElo "2430"]
[PlyCount "88"]

1. e4 e5 2. Nf3 Nc6 3. Nc3 Nf6 4. Nxe5 Nxe5 5. d4 Nc6 6. d5 Ne5 7. f4 Ng6 8. e5
Ng8 9. d6 cxd6 10. exd6 Qf6 11. Nb5 Rb8 12. Be3 b6 13. Qe2 Kd8 14. O-O-O Qe6
15. Nc7 Qf5 16. Bxb6 Qxf4+ 17. Kb1 Qe5 18. Qxe5 Nxe5 19. Ne6+ Ke8 20. Nc7+ Kd8
21. Ba5 Rb7 22. Ba6 Rb8 23. Rd5 Nc6 24. Re1 Be7 25. Bxc8 Kxc8 26. dxe7 Ngxe7
27. Nb5 Kb7 28. Rxd7+ Ka6 29. Bb4 Rxb5 30. Bxe7 Re8 31. Bb4 Rg8 32. Bc3 Rf5 33.
a4 Kb6 34. Bd2 Ka6 35. b4 Nb8 36. b5+ Kb6 37. Be3+ Ka5 38. Rxa7+ Kb4 39. Bb6
Rc8 40. Re4+ Rc4 41. Ba5+ Ka3 42. Re3+ Kxa4 43. Be1+ Kxb5 44. Ra5+ Kc6 1-0

[Event "?"]
[Site "ICC 5 0 02/26/98, Internet Ch"]
[Date "1998.??.??"]
[Round "?"]
[White "Brause"]
[Black "Kiriakos"]
[Result "0-1"]
[WhiteElo "2655"]
[BlackElo "2050"]
[PlyCount "152"]

1. e4 e5 2. Nf3 Nc6 3. Nc3 Nf6 4. Nxe5 Nxe5 5. d4 Ng6 6. e5 Be7 7. Bc4 O-O 8.
exf6 Bxf6 9. Be3 c6 10. O-O d5 11. Bd3 Be6 12. b3 Qd7 13. Re1 Bf5 14. Na4 b6
15. Qd2 Rfe8 16. Re2 Re7 17. Rae1 Rae8 18. Nb2 Nh4 19. Bg5 Rxe2 20. Rxe2 Rxe2
21. Bxe2 Bxg5 22. Qxg5 Ng6 23. Bd3 Bxd3 24. Nxd3 Qe7 25. Qxe7 Nxe7 26. f4 f6
27. Kf2 Kf7 28. g4 Nc8 29. Kf3 Ke7 30. c4 dxc4 31. bxc4 Nd6 32. c5 Nb5 33. Ke3
Nc3 34. Nb4 Kd7 35. Kd2 Nd5 36. Nxd5 cxd5 37. Ke3 Kc6 38. cxb6 axb6 39. a4 b5
40. axb5+ Kxb5 41. Kd3 Kb4 42. f5 h6 43. h3 Kb3 44. h4 Kb4 45. Kd2 Kc4 46. Ke3
Kc3 47. h5 Kc4 48. Ke2 Kxd4 49. Kd2 Ke4 50. Kc3 Ke3 51. Kc2 d4 52. Kd1 Kf4 53.
Ke2 Kxg4 54. Kd3 Kxf5 55. Kxd4 Kg4 56. Ke4 f5+ 57. Ke3 Kxh5 58. Kf4 Kg6 59. Kf3
Kg5 60. Ke3 Kg4 61. Kf2 f4 62. Kg2 g5 63. Kf2 Kh3 64. Kf3 h5 65. Kf2 Kh2 66.
Kf3 g4+ 67. Kxf4 g3 68. Kg5 g2 69. Kxh5 g1=Q 70. Kh4 Qg3+ 71. Kh5 Kg2 72. Kh6
Kf3 73. Kh7 Kf4 74. Kh8 Kf5 75. Kh7 Kf6 76. Kh8 Qg7# 0-1

[Event "?"]
[Site "ICC 5 0 02/26/98, Internet Ch"]
[Date "1998.??.??"]
[Round "?"]
[White "Brause"]
[Black "brit"]
[Result "1-0"]
[WhiteElo "2625"]
[BlackElo "2000"]
[PlyCount "42"]

1. e4 e5 2. Nf3 Nc6 3. Nc3 Nf6 4. Nxe5 Nxe5 5. d4 Ng6 6. e5 Bb4 7. exf6 Qxf6 8.
Qe2+ Qe7 9. Qxe7+ Nxe7 10. Bd2 c6 11. Bd3 d5 12. O-O-O O-O 13. Rhe1 Bf5 14.
Rxe7 Bxd3 15. Rxb7 Bxc3 16. Bxc3 Bb5 17. Re1 Rfe8 18. Rxe8+ Rxe8 19. Rxa7 g6
20. g3 Re2 21. a4 Rxf2 1-0

[Event "?"]
[Site "ICC 5 0 02/26/98, Internet Ch"]
[Date "1998.??.??"]
[Round "?"]
[White "Brause"]
[Black "brit"]
[Result "1-0"]
[WhiteElo "2625"]
[BlackElo "2000"]
[PlyCount "80"]

1. e4 e5 2. Nf3 Nc6 3. Nc3 Nf6 4. Nxe5 Nxe5 5. d4 Ng6 6. e5 Bb4 7. exf6 Qxf6 8.
Qe2+ Qe7 9. Qxe7+ Nxe7 10. Bd2 d5 11. O-O-O O-O 12. Nb5 Bxd2+ 13. Rxd2 c6 14.
Nc7 Rb8 15. Re2 Nf5 16. Re5 f6 17. Re1 Bd7 18. Bd3 Rbc8 19. Bxf5 Bxf5 20. Ne6
Rfe8 21. Nc5 b6 22. Nb7 Rxe1+ 23. Rxe1 Rc7 24. Re8+ Kf7 25. Nd6+ Kg6 26. Re3
Bc8 27. Nxc8 Rxc8 28. Re7 a6 29. Rb7 b5 30. Ra7 h5 31. Rxa6 Rc7 32. b3 Kf5 33.
c3 Ke4 34. Kd2 g5 35. a4 bxa4 36. bxa4 Rb7 37. Kc2 Rc7 38. a5 g4 39. Rb6 f5 40.
a6 f4 1-0

[Event "?"]
[Site "ICC 5 5 03/11/98, Internet Ch"]
[Date "1998.??.??"]
[Round "?"]
[White "Brause"]
[Black "DoctorWho"]
[Result "0-1"]
[WhiteElo "2480"]
[BlackElo "2355"]
[PlyCount "114"]

1. e4 e5 2. Nf3 Nc6 3. Nc3 Nf6 4. Nxe5 Nxe5 5. d4 Nc6 6. d5 Ne5 7. f4 Ng6 8. e5
Ng8 9. d6 cxd6 10. exd6 Qf6 11. Nb5 Kd8 12. Be3 Nxf4 13. Qd2 Qe5 14. O-O-O Nd5
15. Re1 f6 16. Bd4 Qg5 17. Bc4 Qxd2+ 18. Kxd2 Nf4 19. Nc7 Bxd6 20. Nxa8 b6 21.
Nxb6 axb6 22. Bxb6+ Bc7 23. Bxc7+ Kxc7 24. Rhf1 Ng6 25. Re8 N8e7 26. Rxh8 Nxh8
27. a4 Bb7 28. Rf2 Nhg6 29. a5 Nc6 30. a6 Bc8 31. Rf1 Nge5 32. Be2 Kb6 33. Ra1
d5 34. b3 d4 35. b4 Bf5 36. Ra4 Bd7 37. h3 Na7 38. Ra5 Bb5 39. Bxb5 Nxb5 40.
Rxb5+ Kxb5 41. a7 Nc4+ 42. Kd3 Nb6 43. Kxd4 Kxb4 44. c4 Ka5 45. c5 Na8 46. c6
Kb6 47. Kd5 Nc7+ 48. Kd6 f5 49. Kd7 g6 50. Kd6 Nb5+ 51. Kd7 Nxa7 52. c7 Kb7 53.
h4 Nc8 54. g3 Nb6+ 55. Ke6 Kxc7 56. Kf6 Kd6 57. Kg7 Ke5 0-1

[Event "?"]
[Site "ICC 5 0 03/25/98, Internet Ch"]
[Date "1998.??.??"]
[Round "?"]
[White "Brause"]
[Black "Alberto"]
[Result "1-0"]
[WhiteElo "2605"]
[BlackElo "1915"]
[PlyCount "31"]

1. Nc3 Nf6 2. e4 e5 3. Nf3 Nc6 4. Nxe5 Nxe5 5. d4 Ng6 6. e5 Ng8 7. Bc4 d6 8.
Qf3 Qe7 9. Bb5+ Bd7 10. Qxb7 Rd8 11. Nd5 Qh4 12. Nxc7+ Ke7 13. exd6+ Kxd6 14.
O-O Nf6 15. Qa6+ Ke7 16. Qa3# 1-0

[Event "?"]
[Site "ICC 5 0 03/25/98, Internet Ch"]
[Date "1998.??.??"]
[Round "?"]
[White "Brause"]
[Black "gregada"]
[Result "1/2-1/2"]
[WhiteElo "2635"]
[BlackElo "2075"]
[PlyCount "131"]

1. Nc3 Nf6 2. e4 e5 3. Nf3 Nc6 4. Nxe5 Nxe5 5. d4 Ng6 6. e5 Ng8 7. Bc4 Bb4 8.
Qf3 Qe7 9. O-O Bxc3 10. bxc3 Nh6 11. g3 O-O 12. Qh5 d5 13. exd6 Qxd6 14. Bxh6
gxh6 15. Rab1 b6 16. Rfe1 Bb7 17. Qe2 a6 18. Rb3 b5 19. a4 c6 20. Bd3 Bc8 21.
axb5 axb5 22. Qf3 Be6 23. Rbb1 Bd5 24. Qe3 Kg7 25. f4 f5 26. Re2 Kf7 27. Rbe1
Qf6 28. Kf1 h5 29. Qd2 h4 30. Qe3 hxg3 31. hxg3 h5 32. Kg1 h4 33. Kf1 hxg3 34.
Qxg3 Rh8 35. Re3 Rh1+ 36. Ke2 Rxe1+ 37. Kxe1 Ra1+ 38. Kd2 b4 39. c4 Be6 40. Re2
Qxd4 41. Rxe6 Qc3+ 42. Ke2 Re1+ 43. Qxe1 Qxe1+ 44. Kxe1 Kxe6 45. Be2 Nxf4 46.
Bf3 Kd6 47. Kf2 Kc5 48. Ke3 Ne6 49. Kd3 Ng5 50. Be2 f4 51. Bg4 f3 52. Bh5 f2
53. Ke2 Kxc4 54. Kxf2 Kc3 55. Bg6 c5 56. Bf5 c4 57. Ke2 Nh3 58. Kf3 Ng1+ 59.
Kf2 Nh3+ 60. Bxh3 Kxc2 61. Bf5+ Kc1 62. Ke3 b3 63. Kd4 b2 64. Kc3 b1=Q 65. Bxb1
Kxb1 66. Kxc4 1/2-1/2

[Event "?"]
[Site "ICC 5 0 03/25/98, Internet Ch"]
[Date "1998.??.??"]
[Round "?"]
[White "Brause"]
[Black "pionroi"]
[Result "1-0"]
[WhiteElo "2635"]
[BlackElo "2045"]
[PlyCount "35"]

1. Nc3 e5 2. e4 Nf6 3. Nf3 Nc6 4. Nxe5 Nxe5 5. d4 Ng6 6. e5 Ng8 7. Bc4 Be7 8.
Qf3 f6 9. Qd5 Nh6 10. Bxh6 Rf8 11. Bxg7 Nf4 12. Qe4 fxe5 13. dxe5 Bg5 14. h4
Nxg2+ 15. Qxg2 d5 16. hxg5 dxc4 17. g6 Qe7 18. gxh7 1-0

[Event "?"]
[Site "ICC 5 0 04/15/98, Internet Ch"]
[Date "1998.??.??"]
[Round "?"]
[White "Brause"]
[Black "Drk"]
[Result "1-0"]
[WhiteElo "2730"]
[BlackElo "2320"]
[PlyCount "41"]

1. e4 e5 2. Nf3 Nc6 3. Nc3 Nf6 4. Nxe5 Nxe5 5. d4 Ng6 6. e5 Ng8 7. Bc4 c6 8.
Qf3 d5 9. exd6 Nf6 10. Qe2+ Be7 11. dxe7 Qxe7 12. Qxe7+ Nxe7 13. Bg5 Bg4 14.
Bxf6 gxf6 15. Ne4 O-O-O 16. Nxf6 Rxd4 17. Bxf7 Bf5 18. c3 Rd6 19. Ne8 Rd5 20.
Bxd5 Nxd5 21. Nd6+ 1-0

[Event "?"]
[Site "ICC 5 0 04/24/98, Internet Ch"]
[Date "1998.??.??"]
[Round "?"]
[White "Brause"]
[Black "AFISHER"]
[Result "0-1"]
[WhiteElo "2490"]
[BlackElo "2545"]
[PlyCount "73"]

1. e4 e5 2. Nf3 Nc6 3. Nc3 Nf6 4. Nxe5 Nxe5 5. d4 Nc6 6. d5 Ne5 7. f4 Ng6 8. e5
Ng8 9. d6 cxd6 10. exd6 Qf6 11. Nb5 Kd8 12. Qd2 Qh4+ 13. g3 Qf6 14. Bd3 b6 15.
O-O Bb7 16. Be2 Nh6 17. Rd1 Nf5 18. g4 Nfh4 19. Rf1 h6 20. Qb4 a6 21. g5 hxg5
22. fxg5 Qe5 23. Qd4 Nf3+ 24. Rxf3 Qxh2+ 25. Kf1 Qh1+ 26. Kf2 Rh2+ 27. Ke3
Rxe2+ 28. Kxe2 Qxf3+ 29. Ke1 axb5 30. Qxb6+ Ke8 31. a3 Ra4 32. c4 Rxc4 33. Qe3+
Re4 34. a4 Nf4 35. Ra3 Ng2+ 36. Kd2 Nxe3 37. Rxe3 0-1

[Event "?"]
[Site "ICC 5 0 04/24/98, Internet Ch"]
[Date "1998.??.??"]
[Round "?"]
[White "Brause"]
[Black "lennyh3"]
[Result "1-0"]
[WhiteElo "2485"]
[BlackElo "1680"]
[PlyCount "27"]

1. e4 e5 2. Nf3 Nc6 3. Nc3 Nf6 4. Nxe5 Nxe5 5. d4 Nc6 6. d5 Ne5 7. f4 Ng6 8. e5
Ng8 9. d6 cxd6 10. exd6 Qf6 11. Nb5 Kd8 12. Qd2 a6 13. Qa5+ Ke8 14. Nc7+ 1-0

[Event "?"]
[Site "ICC 5 0 04/24/98, Internet Ch"]
[Date "1998.??.??"]
[Round "?"]
[White "Brause"]
[Black "lennyh3"]
[Result "1-0"]
[WhiteElo "2485"]
[BlackElo "1680"]
[PlyCount "81"]

1. e4 e5 2. Nf3 Nc6 3. Nc3 Nf6 4. Nxe5 Nxe5 5. d4 Nc6 6. d5 Ne5 7. f4 Ng6 8. e5
Ng8 9. d6 cxd6 10. exd6 Qf6 11. Nb5 Kd8 12. Qd2 Nh6 13. g3 Nf5 14. Nc7 Rb8 15.
Qa5 Qxd6 16. Ne6+ Ke7 17. Qd8+ Kxe6 18. Bc4+ Qd5 19. Bxd5+ Kxd5 20. Qg5 Nge7
21. Qh5 Kc6 22. Qxf7 d5 23. Qe8+ Kc7 24. Qa4 Bd7 25. Qa5+ b6 26. Qxa7+ Rb7 27.
Qa6 Nc6 28. Kd1 Bc5 29. Bd2 Re8 30. Qd3 g6 31. Qxd5 Nfd4 32. Re1 Bg4+ 33. Kc1
Rxe1+ 34. Bxe1 Ne2+ 35. Kb1 Bf5 36. Qf7+ Kb8 37. Qe8+ Ka7 38. Qxe2 Nd4 39. Qc4
Bxc2+ 40. Kc1 Bf5 41. Qa4+ 1-0

[Event "?"]
[Site "ICC 5 0 04/24/98, Internet Ch"]
[Date "1998.??.??"]
[Round "?"]
[White "Brause"]
[Black "lennyh3"]
[Result "1-0"]
[WhiteElo "2485"]
[BlackElo "1680"]
[PlyCount "39"]

1. e4 e5 2. Nf3 Nc6 3. Nc3 Nf6 4. Nxe5 Nxe5 5. d4 Ng6 6. e5 Ng8 7. Bc4 d6 8.
Qf3 Be6 9. Qxb7 Bxc4 10. Qc6+ Ke7 11. exd6+ cxd6 12. Qxc4 Nf6 13. O-O Ke8 14.
Qc6+ Nd7 15. Nb5 Rc8 16. Re1+ Be7 17. Nxd6+ Kf8 18. Nxc8 Nf6 19. c3 Nf4 20.
Bxf4 1-0

[Event "?"]
[Site "ICC 5 0 04/24/98, Internet Ch"]
[Date "1998.??.??"]
[Round "?"]
[White "Brause"]
[Black "lennyh3"]
[Result "1-0"]
[WhiteElo "2485"]
[BlackElo "1680"]
[PlyCount "25"]

1. e4 e5 2. Nf3 Nc6 3. Nc3 Nf6 4. Nxe5 Nxe5 5. d4 Nc6 6. d5 Ne7 7. e5 Nfg8 8.
d6 Nc6 9. Nb5 cxd6 10. exd6 f6 11. Nc7+ Kf7 12. Bc4+ Kg6 13. Qg4# 1-0

[Event "?"]
[Site "ICC 5 0 04/24/98, Internet Ch"]
[Date "1998.??.??"]
[Round "?"]
[White "Brause"]
[Black "lennyh3"]
[Result "1-0"]
[WhiteElo "2485"]
[BlackElo "1680"]
[PlyCount "23"]

1. e4 e5 2. Nf3 Nc6 3. Nc3 Nf6 4. Nxe5 Nxe5 5. d4 Nc6 6. d5 Ne5 7. f4 Neg4 8.
e5 d6 9. exf6 Qxf6 10. Bb5+ Bd7 11. Bxd7+ Kxd7 12. Qxg4+ 1-0

[Event "?"]
[Site "ICC 5 0 04/24/98, Internet Ch"]
[Date "1998.??.??"]
[Round "?"]
[White "Brause"]
[Black "lennyh3"]
[Result "1-0"]
[WhiteElo "2485"]
[BlackElo "1680"]
[PlyCount "41"]

1. e4 e5 2. Nf3 Nc6 3. Nc3 Nf6 4. Nxe5 Nxe5 5. d4 Nc6 6. d5 Nb4 7. a3 Na6 8. e5
Qe7 9. Bxa6 bxa6 10. O-O Ng8 11. d6 Qe6 12. Nd5 Kd8 13. Bg5+ f6 14. exf6 gxf6
15. dxc7+ Ke8 16. Qh5+ Qf7 17. Rae1+ Be7 18. Rxe7+ Nxe7 19. Nxf6+ Kf8 20. Bh6+
Qg7 21. Qe8# 1-0

[Event "?"]
[Site "ICC 5 0 01/19/98, Internet Ch"]
[Date "1998.??.??"]
[Round "?"]
[White "Brause"]
[Black "evbad"]
[Result "1-0"]
[WhiteElo "2485"]
[BlackElo "2385"]
[PlyCount "121"]

1. Nc3 Nf6 2. e4 e5 3. Nf3 Nc6 4. Nxe5 Nxe5 5. d4 Ng6 6. e5 Ng8 7. Bc4 d5 8.
Bxd5 c6 9. Bb3 Bb4 10. O-O Bxc3 11. bxc3 N8e7 12. f4 O-O 13. g4 Be6 14. f5 Bxb3
15. cxb3 Nh8 16. f6 Neg6 17. fxg7 Kxg7 18. Qf3 Qh4 19. Qf5 h6 20. Ba3 Rfe8 21.
Kh1 Qg5 22. Qxg5 hxg5 23. Rf5 Re6 24. Raf1 Rae8 25. Rxg5 f6 26. Rxf6 Rxf6 27.
exf6+ Kxf6 28. Rf5+ Kg7 29. Ra5 a6 30. Kg1 Re2 31. Bd6 Nf7 32. Bg3 Rd2 33. a4
Rd3 34. Rc5 Nd8 35. Rc4 Ne6 36. a5 Nef4 37. Rb4 Ne2+ 38. Kf2 Nxg3 39. hxg3 Rxc3
40. Rxb7+ Kf6 41. Rb6 Ne7 42. Rxa6 Rxb3 43. d5 Nxd5 44. Rxc6+ Ke5 45. g5 Ra3
46. Ra6 Kf5 47. g6 Ra4 48. g7 Rg4 49. Ra7 Kf6 50. Rd7 Nb4 51. Rd4 Rxg7 52. Rxb4
Rg5 53. Rb6+ Kg7 54. a6 Ra5 55. g4 Ra3 56. g5 Ra1 57. Ke3 Ra4 58. Rd6 Ra5 59.
g6 Ra4 60. Kd3 Ra1 61. Kc4 1-0

[Event "?"]
[Site "ICC 5 0 01/19/98, Internet Ch"]
[Date "1998.??.??"]
[Round "?"]
[White "Brause"]
[Black "drakkar"]
[Result "1-0"]
[WhiteElo "2495"]
[BlackElo "2300"]
[PlyCount "93"]

1. Nc3 Nf6 2. e4 e5 3. Nf3 Nc6 4. Nxe5 Nxe5 5. d4 Ng6 6. e5 Ng8 7. Bc4 d6 8.
Qf3 Qd7 9. O-O dxe5 10. dxe5 Nxe5 11. Re1 Bd6 12. Bf4 f6 13. Bb5 c6 14. Rad1
Qe6 15. Qg3 Kf8 16. Bxe5 Bxe5 17. f4 cxb5 18. fxe5 Qb6+ 19. Re3 Bf5 20. Rd6 Qc5
21. Rd5 Qc8 22. Qf4 Ne7 23. exf6 Nxd5 24. Nxd5 Qc5 25. Qe5 g6 26. b4 Qxe3+ 27.
Qxe3 Re8 28. Qh6+ Kf7 29. Qg7+ Ke6 30. Nc7+ Kd6 31. Nxe8+ Rxe8 32. f7 Rc8 33.
f8=Q+ Rxf8 34. Qxf8+ Kc7 35. Qe7+ Kc8 36. Qe8+ Kc7 37. Qxb5 a6 38. Qe5+ Kd7 39.
g4 Be6 40. Qg7+ Kc6 41. Qxh7 Bxa2 42. Qxg6+ Kb5 43. Qd6 b6 44. c3 Bb3 45. Qd3+
Kc6 46. Qxa6 Be6 47. g5 1-0

[Event "?"]
[Site "ICC 5 0 01/28/98, Internet Ch"]
[Date "1998.??.??"]
[Round "?"]
[White "Brause"]
[Black "isradiamond"]
[Result "1-0"]
[WhiteElo "2600"]
[BlackElo "2145"]
[PlyCount "51"]

1. Nc3 Nf6 2. e4 e5 3. Nf3 Nc6 4. Nxe5 Nxe5 5. d4 Nc6 6. d5 Nb8 7. e5 Ng8 8. d6
cxd6 9. exd6 Qf6 10. Nb5 Na6 11. Bc4 Qe5+ 12. Be3 Ne7 13. dxe7 Bxe7 14. Qd4
Qxd4 15. Bxd4 O-O 16. Nxa7 d5 17. Bxd5 Rd8 18. Nxc8 Raxc8 19. c4 b5 20. Bb6
Bb4+ 21. Kf1 Rd7 22. cxb5 Rxd5 23. bxa6 Rd6 24. Be3 Rxa6 25. a3 h6 26. Rc1 1-0

[Event "?"]
[Site "ICC 5 0 01/28/98, Internet Ch"]
[Date "1998.??.??"]
[Round "?"]
[White "Brause"]
[Black "InterMate"]
[Result "1-0"]
[WhiteElo "2585"]
[BlackElo "2125"]
[PlyCount "105"]

1. e4 e5 2. Nf3 Nc6 3. Nc3 Nf6 4. Nxe5 Nxe5 5. d4 Ng6 6. e5 Ng8 7. Bc4 Bb4 8.
Qf3 Qe7 9. O-O Bxc3 10. bxc3 Nh6 11. g3 O-O 12. Qh5 d6 13. Bxh6 gxh6 14. f4
dxe5 15. f5 Qg5 16. Qxg5 hxg5 17. fxg6 hxg6 18. Rae1 Bh3 19. Rf6 Kg7 20. dxe5
Rae8 21. a4 Rxe5 22. Rxf7+ Rxf7 23. Rxe5 Rd7 24. Rxg5 Rd1+ 25. Kf2 Rd2+ 26. Ke3
Rxh2 27. Bd3 Bf5 28. Bxf5 Kf6 29. Rxg6+ Kxf5 30. Rg7 Rxc2 31. g4+ Ke5 32. Rxc7
Ra2 33. Rxb7 Rxa4 34. Rb4 Ra3 35. Re4+ Kd5 36. Rd4+ Ke5 37. Rc4 Ra1 38. Re4+
Kd5 39. c4+ Kc5 40. g5 Rg1 41. Kf4 a5 42. Re5+ Kb4 43. Rb5+ Kxc4 44. Rxa5 Kd4
45. Kf5 Rf1+ 46. Kg6 Ke4 47. Kg7 Rg1 48. g6 Rg2 49. Kh6 Rh2+ 50. Rh5 Rg2 51. g7
Kf4 52. Kh7 Rg1 53. g8=Q 1-0

[Event "?"]
[Site "ICC 5 0 01/28/98, Internet Ch"]
[Date "1998.??.??"]
[Round "?"]
[White "Brause"]
[Black "InterMate"]
[Result "1-0"]
[WhiteElo "2590"]
[BlackElo "2135"]
[PlyCount "47"]

1. e4 e5 2. Nf3 Nc6 3. Nc3 Nf6 4. Nxe5 Nxe5 5. d4 Nc6 6. d5 Ne5 7. f4 Ng6 8. e5
Ng8 9. d6 f6 10. Nb5 cxd6 11. exd6 Bxd6 12. Nxd6+ Kf8 13. Bc4 Nh6 14. O-O b5
15. Nxb5 Bb7 16. Qd6+ Qe7 17. Re1 Nf5 18. Rxe7 Nxd6 19. Rxd7 Nxc4 20. Rxb7 Rd8
21. Rxa7 h5 22. b3 Rd1+ 23. Kf2 Nb6 24. Ba3+ 1-0

[Event "?"]
[Site "ICC 5 0 01/28/98, Internet Ch"]
[Date "1998.??.??"]
[Round "?"]
[White "Brause"]
[Black "maltese"]
[Result "1-0"]
[WhiteElo "2560"]
[BlackElo "2030"]
[PlyCount "27"]

1. Nc3 Nf6 2. e4 e5 3. Nf3 Nc6 4. Nxe5 Nxe5 5. d4 Nc6 6. d5 Nb8 7. e5 Ng8 8. d6
cxd6 9. exd6 Qf6 10. Nb5 Na6 11. Bc4 Qe5+ 12. Be3 Nf6 13. O-O Ng4 14. Qxg4 1-0

[Event "?"]
[Site "ICC 5 0 02/27/98, Internet Ch"]
[Date "1998.??.??"]
[Round "?"]
[White "Brause"]
[Black "MarvinMartian"]
[Result "0-1"]
[WhiteElo "2585"]
[BlackElo "2335"]
[PlyCount "112"]

1. e4 e5 2. Nf3 Nc6 3. Nc3 Nf6 4. Nxe5 Nxe5 5. d4 Ng6 6. e5 Ng8 7. Bc4 Bb4 8.
Qf3 Bxc3+ 9. bxc3 Qe7 10. O-O Nh6 11. g3 O-O 12. Qh5 d5 13. exd6 cxd6 14. Bxh6
gxh6 15. Rfe1 Qc7 16. Qb5 Bh3 17. Bd5 Rab8 18. Re3 b6 19. Rae1 Kg7 20. Qd3 Qd7
21. Qe2 Bg4 22. Qa6 Rbe8 23. c4 Rxe3 24. Rxe3 Bh3 25. Qa3 Be6 26. Qb3 Bxd5 27.
cxd5 Re8 28. c4 Rxe3 29. fxe3 Qe7 30. Qc3 h5 31. h4 Qe4 32. a3 Ne7 33. Kf2 Nf5
34. c5 Qxd5 35. cxb6 axb6 36. Qd3 Nh6 37. e4 Ng4+ 38. Ke2 Qa2+ 39. Qd2 Qxd2+
40. Kxd2 Kf6 41. Ke2 Ke6 42. Kf3 d5 43. Kf4 h6 44. Kf3 Nf6 45. e5 Ne4 46. Kf4
Nc3 47. Ke3 Nb5 48. a4 Nc3 49. Kf3 Nxa4 50. g4 hxg4+ 51. Kxg4 b5 52. Kf4 b4 53.
Ke3 Nc3 54. Kd3 Nb5 55. h5 Kf5 56. Kd2 Ke4 0-1

[Event "?"]
[Site "ICC 5 0 02/27/98, Internet Ch"]
[Date "1998.??.??"]
[Round "?"]
[White "Brause"]
[Black "lundin"]
[Result "1-0"]
[WhiteElo "2535"]
[BlackElo "2050"]
[PlyCount "55"]

1. e4 e5 2. Nf3 Nf6 3. Nc3 Nc6 4. Nxe5 Nxe5 5. d4 Nc6 6. d5 Nb8 7. e5 Ng8 8. d6
Nc6 9. Nb5 cxd6 10. exd6 Bxd6 11. Nxd6+ Kf8 12. Be3 Nf6 13. Qd2 Qa5 14. Qxa5
Nxa5 15. Bxa7 Rxa7 16. Nxc8 Ra8 17. Nd6 Ke7 18. Rd1 Rhd8 19. Bb5 Ne8 20. O-O
Nxd6 21. Rfe1+ Kf8 22. Rxd6 Nc6 23. a3 Ra5 24. Rd5 Ne7 25. Rxd7 Rxd7 26. Bxd7
Rc5 27. Ba4 f6 28. Rd1 1-0

[Event "?"]
[Site "ICC 5 0 02/27/98, Internet Ch"]
[Date "1998.??.??"]
[Round "?"]
[White "Brause"]
[Black "amitk"]
[Result "1-0"]
[WhiteElo "2500"]
[BlackElo "2020"]
[PlyCount "35"]

1. e4 e5 2. Nf3 Nc6 3. Nc3 Nf6 4. Nxe5 Nxe5 5. d4 Nc6 6. d5 Ne5 7. f4 Ng6 8. e5
Ng8 9. d6 c6 10. g3 f6 11. Qh5 fxe5 12. Bd3 Qf6 13. Ne4 Qe6 14. f5 Qf7 15. fxg6
hxg6 16. Qxh8 Nh6 17. Bxh6 gxh6 18. Rf1 1-0